| 000 | 01273cam a2200349 a 4500 | ||
|---|---|---|---|
| 090 | _c0 | ||
| 001 | 3036523 | ||
| 005 | 19970103102810.3 | ||
| 008 | 960327s1996 caua f 001 0 eng d | ||
| 010 | _a95070327 | ||
| 020 | _a0376017694 | ||
| 035 | _a(OCoLC)34348471 | ||
| 040 |
_aCU _cCU _dDLC |
||
| 042 | _alccopycat | ||
| 050 | 0 | 0 |
_aTH2275 _b.W567 1996 |
| 082 | 0 | 0 |
_a694.6 _220 _bWIN |
| 245 | 0 | 0 |
_aWindows & Skylights / _cby the editors of Sunset Books ; [senior editor, Heather Mills ; editor, Alfred Lemaitre]. |
| 246 | 3 | _aWindows and skylights | |
| 250 | _a1st ed. | ||
| 260 |
_aMenlo Park, CA : _bSunset Pub., _cc1996. |
||
| 300 |
_a96 p. : _bill. (some col.) ; _c28 cm. |
||
| 500 | _aIncludes index. | ||
| 650 | 0 |
_aWindows _xAmateurs' manuals. |
|
| 650 | 0 |
_aSkylights _xAmateurs' manuals. |
|
| 700 | 1 | _aMills, Heather. | |
| 700 | 1 | _aLemaitre, Alfred. | |
| 710 | 2 | _aSunset Books | |
| 942 |
_2ddc _cBB |
||
| 999 |
_c10731 _d10731 |
||